Encyclopedia of firearms
Gespeichert in:
| 1. Verfasser: | |
|---|---|
| Format: | Buch |
| Sprache: | Undetermined |
| Veröffentlicht: |
New York
E. P. Duttonand
1964
|
| Schlagworte: | |
| Tags: |
Tag hinzufügen
Keine Tags, Fügen Sie den ersten Tag hinzu!
|
| Thư viện lưu trữ: | Trung tâm Học liệu Trường Đại học Cần Thơ |
|---|
| LEADER | 00480nam a2200169Ia 4500 | ||
|---|---|---|---|
| 001 | CTU_26578 | ||
| 008 | 210402s9999 xx 000 0 und d | ||
| 082 | |a 623.4403 | ||
| 082 | |b P478 | ||
| 100 | |a Harold L Peterson | ||
| 245 | 0 | |a Encyclopedia of firearms | |
| 245 | 0 | |c Harold L Peterson | |
| 260 | |a New York | ||
| 260 | |b E. P. Duttonand | ||
| 260 | |c 1964 | ||
| 650 | |a military engineering,technology - dictionaries | ||
| 980 | |a Trung tâm Học liệu Trường Đại học Cần Thơ | ||